00295nam a2200109 a 450000500170000000800410001705000180005810000220007624500290009826000410012744000170016820140414131914.0100915s19uu xx 00 eng d aFICbSp4 2004 aGunter, Jacob Ben aThe daily bulge stories. bHarper festival,c2004.aNew York : aSpider-man 2